| 000 | 00515 a2200181 4500 | ||
|---|---|---|---|
| 010 | _aB-758236 | ||
| 020 |
_a9780195644036 _c0.00 |
||
| 035 | _aB-758636 | ||
| 037 | _bGift/Unesco | ||
| 082 | _a330.954 | ||
| 100 |
_aManmohan Singh _964607 |
||
| 245 |
_aIndia's Economic Reforms and Development/ _cManmohan Singh |
||
| 260 |
_aCalcutta _bOxford University Press _c1998 |
||
| 270 | _bCalcutta | ||
| 300 |
_avii, 404p.; _c22cm. (HB) |
||
| 500 | _aIndex | ||
| 942 |
_adpl _cEN _2ddc _h330.954 _mMAN |
||
| 999 |
_c202096 _d202096 |
||